000 00816nam a22002531c 4500
001 a987677564
003 RU-10907106
005 20210607104804.0
008 161019s2012 gw |||| 000u rus d
020 _a9785780302209
_9978-5-7803-0220-9
040 _cRU-10907106
_aRU-10907106
_bger
041 _arus
100 1 _aOchotnikov, Andrian Ju.
245 0 0 _aNemcy Severnoj Kulundy :
_bstrategii i rezul'taty sociokul'turnoj adaptacii (1910-1960-e gody)
264 _aNovosibirsk :
_bUzd. Int. archeologii i etnografii SO RAN,
_c2012
300 _a213 S.
650 0 _aKulundasteppe
650 0 _aRusslanddeutsche
650 0 _aSoziokultur
650 0 _aGeschichte 1910-1969
655 _aPublikation DHI Moskau
710 2 _aRAN / Sibirskoe otdelenie / Inst. archeologii i etnografii
942 _cMG
_2z
999 _c37074
_d37074